00262nam a22001097a 4500020001800000082001800018100001700036245002400053260002800077300000800105650003900113 a9781524635626 a500.80297 AYU aAyub, Ghayur aKnowing the Unknown aU.KbAuthor Housec2016 a288 aIslam - Sciencea Science - Islam